| Tag |
First Indicator |
Second Indicator |
Subfields |
| LEADER |
00000cam a2200000 a 4500 |
| 001 |
in00000653549 |
| 005 |
20151015070548.0 |
| 008 |
810113s1980 dcua b 00000 engm |
| 010 |
|
|
|a 80018948
|
| 020 |
|
|
|a 0309030870
|
| 035 |
|
|
|a (OCoLC)06806570
|
| 035 |
|
|
|9 ACW6894AM
|
| 039 |
0 |
|
|a 2
|b 3
|c 3
|d 3
|e 3
|
| 040 |
|
|
|a DLC
|c DLC
|d m.c.
|d TXA
|d UtOrBLW
|
| 043 |
|
|
|a n-us---
|
| 049 |
|
|
|a TXAM
|c [1480513]
|
| 050 |
0 |
0 |
|a HD5713.6.U54
|b N48
|
| 082 |
0 |
|
|a 331.11/0973
|2 19
|
| 245 |
0 |
4 |
|a The New CETA :
|b effect on public service employment programs : final report /
|c William Mirengoff [and others] ; Committee on Evaluation of Employment and Training Programs, Assembly of Behavioral and Social Sciences, National Research Council.
|
| 264 |
|
1 |
|a Washington, D.C. :
|b National Academy Press,
|c 1980.
|
| 300 |
|
|
|a xvii, 185 pages :
|b illustrations ;
|c 23 cm.
|
| 336 |
|
|
|a text
|b txt
|2 rdacontent
|
| 337 |
|
|
|a unmediated
|b n
|2 rdamedia
|
| 338 |
|
|
|a volume
|b nc
|2 rdacarrier
|
| 504 |
|
|
|a Bibliography: pages 159-162.
|
| 650 |
|
0 |
|a Public service employment
|z United States.
|
| 650 |
|
0 |
|a Manpower policy
|z United States.
|
| 700 |
1 |
|
|a Mirengoff, William.
|
| 710 |
2 |
|
|a Assembly of Behavioral and Social Sciences (U.S.).
|b Committee on Evaluation of Employment and Training Programs.
|
| 999 |
|
|
|a MARS
|
| 999 |
f |
f |
|s d4f5c57e-f35c-347b-8cd2-a5cadf87c9b5
|i ecbb5de5-2038-3daf-8973-ff9d91727325
|t 0
|
| 952 |
f |
f |
|p ric
|a Texas A&M University
|b Rellis Campus
|c Joint Library Facility
|d Remote Storage
|t 0
|e HD5713.6.U54 N48
|h Library of Congress classification
|i unmediated -- volume
|m A14802681605
|
| 998 |
f |
f |
|a HD5713.6.U54 N48
|t 0
|l Remote Storage
|